zpět

Detail výsledku týmu

The PUB Praha 6 , Praha

Datum a čas kvízu

21 Celkem bodů Celkový počet nahraných bodů na tomto kvízu bez doplňovacích otázek.
7. Pořadí na kvízu Konečné umístění týmu na tomto kvízu.

Zaznamenané odpovědi

# Otázka Odpověď Body Výsledky
1. Úřady jisté asijské země propu... v Pákistánu 1
2. Rada města Akureyri přišla s n... na Islandu 0
3. Koncert pro budoucnost, který... Václava Havla 1
4. Škoda Auto minulý čtvrtek před... Slavia 0
5. Naše tenistky na Turnaji mistr... Barbora Krejčíková, Kateřina Siniaková 0.5
6. K vytvoření tohoto tématu nás... The Wire 0
7. Na třetí pozici se v žebříčku... Walter, Jesse 0
8. Na pátém místě žebříčku skonči... 8 sérií 1
9. Největší zastoupení v žebříčku... Výmarská republika/výmarské Německo 0
10. Dalším seriálem vybočujícím z... Kodaň, Malmö 1